Investujte do vzdelávania vlastných zamestnancov
Informácie o tom, ako získať nenávratný finančný príspevok z Európskeho sociálneho fondu.
Gespeichert in:
| 1. Verfasser: | |
|---|---|
| Format: | Buchkapitel |
| Sprache: | Slowakisch |
| Schlagworte: | |
| Tags: |
Keine Tags, Fügen Sie das erste Tag hinzu!
|
MARC
| LEADER | 00000naa$a2200000$$$4500 | ||
|---|---|---|---|
| 001 | 0026539 | ||
| 005 | 20231004125920.2 | ||
| 041 | 0 | |a slo | |
| 044 | |a SK | ||
| 245 | 1 | 0 | |a Investujte do vzdelávania vlastných zamestnancov |c Peter Húska |
| 520 | |a Informácie o tom, ako získať nenávratný finančný príspevok z Európskeho sociálneho fondu. | ||
| 610 | 2 | 0 | |a Európska únia |
| 610 | 2 | 0 | |a fond sociálny |
| 610 | 2 | 0 | |a vzdelávanie |
| 610 | 2 | 0 | |a zamestnanci |
| 610 | 2 | 0 | |a zdroje ľudské |
| 610 | 2 | 0 | |a financovanie nenávratné |
| 100 | 1 | |a Húska, Peter, 1981- | |